The divine unity of Scripture. (Record no. 3369)

000 -LEADER
fixed length control field 00777nam a2200205 a 4500
001 - CONTROL NUMBER
control field :::00001099$&:&@@
003 - CONTROL NUMBER IDENTIFIER
control field OkBaRHE
005 - DATE AND TIME OF LATEST TRANSACTION
control field 20100331161100.0
008 - FIXED-LENGTH DATA ELEMENTS--GENERAL INFORMATION
fixed length control field s1984 j 000 0 eng u
040 ## - CATALOGING SOURCE
Transcribing agency
100 1# - MAIN ENTRY--PERSONAL NAME
Personal name Saphir, Adolph, 1831-1891.
245 14 - TITLE STATEMENT
Title The divine unity of Scripture.
Statement of responsibility, etc Foreword by G. Carlyle.
260 ## - PUBLICATION, DISTRIBUTION, ETC. (IMPRINT)
Place of publication, distribution, etc Grand Rapids, MI., :
Name of publisher, distributor, etc Kregel Publications
Date of publication, distribution, etc 1984
300 ## - PHYSICAL DESCRIPTION
Extent 312 p. ;
Dimensions 20 cm.
490 0# - SERIES STATEMENT
Series statement Adolph Saphir study series.
650 ## - SUBJECT ADDED ENTRY--TOPICAL TERM
Topical term or geographic name as entry element Bible
General subdivision Criticism, Interpretation, etc. Addresses, Essays, Lectures
650 ## - SUBJECT ADDED ENTRY--TOPICAL TERM
Topical term or geographic name as entry element Bible New Testament
General subdivision Relation to the Old Testament
-- Addresses, Essays, Lectures
942 ## - ADDED ENTRY ELEMENTS (KOHA)
Source of classification or shelving scheme
Koha item type Books
Copies
Date last seen Koha item type Barcode Damaged status Price effective from Not for loan Lost status Shelving location Copy number Date acquired Withdrawn status Source of classification or shelving scheme Full call number Permanent Location
2018-02-16Books1099 2010-04-14  General Stacks12010-04-14  BS 540 .S235 1984RHEMA Bible Training College